000 00827nam a2200217Ia 4500
999 _c36000
_d36000
001 1899
003 GE_BSU
005 20221006121729.0
008 181216s2005ru xx |||||||||||||| ||rus||
020 _a5902403707
040 _cGE_BSU
041 _arus
080 _a347.78(075.8) Р-83
100 _aРузакова, О.А.
_915084
245 _a Право интеллектуальной собственности
_bУчебно -практическое пособюие для вузов /
_cО.А. Рузакова
264 _aМосква :
_bЭлит,
_c2005.
300 _a333 с.
_b19 см.
653 _aПраво интеллектуальной собственности.
653 _aინტელექტუალური საკუთრების უფლება.
942 _cBK
_2udc